Discurso leído por el señor D. Gumersindo de Azcárate el día 10 de noviembre de 1893 en el Ateneo Científico y Literario de Madrid, con motivo de la apertura de sus cátedras. (Record no. 27469)

MARC details
000 -LEADER
campo de control de longitud fija 01034nam a2200253 i 4500
001 - NÚMERO DE CONTROL
campo de control 27469
003 - IDENTIFICADOR DE NÚMERO DE CONTROL
campo de control ES-MaACL
005 - FECHA Y HORA DE LA ÚLTIMA TRANSACCIÓN
campo de control 20250717065627.0
007 - CAMPO FIJO DE DESCRIPCIÓN FÍSICA--INFORMACIÓN GENERAL
campo de control de longitud fija t|
008 - DATOS DE LONGITUD FIJA--INFORMACIÓN GENERAL
campo de control de longitud fija 030114s1893 sp |||| | spa d
100 1# - ENTRADA PRINCIPAL--NOMBRE DE PERSONA
Nombre de persona Azcárate, Gumersindo de,
Fechas asociadas al nombre 1840-1917
9 (RLIN) 24243
245 10 - MENCIÓN DEL TÍTULO
Título Discurso leído por el señor D. Gumersindo de Azcárate el día 10 de noviembre de 1893 en el Ateneo Científico y Literario de Madrid, con motivo de la apertura de sus cátedras.
260 ## - PUBLICACIÓN, DISTRIBUCIÓN, ETC.
Lugar de publicación, distribución, etc. Madrid :
Nombre del editor, distribuidor, etc. [s.n.,
Fecha de publicación, distribución, etc. 1893] (
Fabricante Suc. de Rivadeneyra)
300 ## - DESCRIPCIÓN FÍSICA
Extensión 71 p. ;
Dimensiones 25 cm.
500 ## - NOTA GENERAL
Nota general Tema: El problema social.
610 24 - PUNTO DE ACCESO ADICIONAL DE MATERIA--NOMBRE DE ENTIDAD CORPORATIVA
Nombre de entidad corporativa o nombre de jurisdicción como elemento de entrada Ateneo de Madrid-
Subdivisión de forma Discursos de apertura-
Subdivisión cronológica S.XIX.
9 (RLIN) 1912
610 24 - PUNTO DE ACCESO ADICIONAL DE MATERIA--NOMBRE DE ENTIDAD CORPORATIVA
Nombre de entidad corporativa o nombre de jurisdicción como elemento de entrada Ateneo de Madrid-
Subdivisión de forma Obras digitalizadas.
9 (RLIN) 1930
650 #7 - PUNTO DE ACCESO ADICIONAL DE MATERIA--TÉRMINO DE MATERIA
Término de materia o nombre geográfico como elemento de entrada Problemas sociales
Fuente del encabezamiento o término embne
9 (RLIN) 16415
710 2# - ENTRADA AGREGADA--NOMBRE DE ENTIDAD CORPORATIVA
Nombre de entidad corporativa o nombre de jurisdicción como elemento de entrada Ateneo de Madrid.
9 (RLIN) 1875
852 ## - LOCALIZACIÓN
Ubicación ES-MaACL
Número de control de estantería Fol-Laf-121
852 ## - LOCALIZACIÓN
Ubicación ES-MaACL
Número de control de estantería B-1627(5)
856 ## - LOCALIZACIÓN Y ACCESO ELECTRÓNICOS
Identificador Uniforme de Recursos <a href="http://www.ateneodemadrid.com/biblioteca_digital/folletos/Folletos-0182.pdf">http://www.ateneodemadrid.com/biblioteca_digital/folletos/Folletos-0182.pdf</a>
Nota pública Ver documento
Holdings
Estatus retirado Estado de pérdida Estado de daño No para préstamo Colección Biblioteca de origen Biblioteca actual Ubicación en estantería Fecha de adquisición Fuente de adquisición Total de préstamos Signatura topográfica completa Código de barras Visto por última vez Precio de reemplazo Tipo de ítem Koha
        Colección digital Biblioteca del Ateneo de Madrid Biblioteca del Ateneo de Madrid Sala Pardo Bazán 19/06/2008     B-1627(5) 1177247 23/02/2023 23/02/2023 Libro impreso antiguo
        Colección de folletos Biblioteca del Ateneo de Madrid Biblioteca del Ateneo de Madrid Depósito folletos 17/01/2008     Fol-Laf-121 1028361 23/02/2023 23/02/2023 Folleto